| 000 | 02087nam a2200241Ia 4500 | ||
|---|---|---|---|
| 003 | Ost | ||
| 005 | 20260507075048.0 | ||
| 008 | 260507s9999||||xx |||||||||||||| ||und|| | ||
| 020 | _a9772793210 | ||
| 040 | _cfsecg | ||
| 041 | _aara | ||
| 082 | _a330 | ||
| 100 |
_aسعودي، محمد توفيق _eمؤلف |
||
| 245 | 0 |
_aالوظائف غير التقليدية للبنك التجاري : _bدور البنك كأمين استثمار / _c محمد توفيق سعودي |
|
| 260 |
_aالقاهرة: _bدار الأمين للنشر والتوزيع, _c2002 |
||
| 300 |
_a122 صفحة؛ _bإيضاحات ؛ _c24 سم |
||
| 504 | _aببليوغرافيا: ص.115 | ||
| 520 | _aالوظائف التقليدية للبنوك التجارية-الودائع النقدية-عقد الوديعة المصرفية-فتح حساب الودائع المصرفية-تعريف النقل المصرفي-الحساب الجاري-تعريف الحساب الجاري وخصائصه وشروطه-الآثار التي تترتب على الحساب الجاري وكيفية إقفاله-الإعتمادات المصرفية-الخدمات المصرفية-تطور نظام أمناء الاستثمار-دور البنوك التجرية في إدارة أموال العملاء والخدمات المرتبطة بها-إدارة البك للأموال والممتلكات للعملاء حال حياتهم-إدارة أموال وممتلكات العملاء بعد وفاتهم-تكوين وإدارة محافظ الأوراق المالية-تكوين محفظة الأوراق المالية بمعرفة البنك-إدارة البنك كأمين استثمار لمحافظ الأوراق المالية-الطبيعة القانونية لدور البنك التجاري كأمين استثمار-موقف الفقه والتشريع المقارنحول هذه الطبيعة-مسئولية البنك كأمين استثمار | ||
| 653 | _aالبنوك التجارية | ||
| 653 | _aالمالية | ||
| 653 | _aبنوك الإستثمار | ||
| 942 | _cكتاب | ||
| 999 |
_c42605 _d42605 |
||